| 000 | 00590nam a22002177a 4500 | ||
|---|---|---|---|
| 005 | 20230301143455.0 | ||
| 008 | 230301b ||||| |||| 00| 0 eng d | ||
| 040 | _cAL | ||
| 041 | _aeng | ||
| 082 |
_223 _a580/178 _bKOCG |
||
| 100 |
_aP L Kochhar _973739 |
||
| 245 | _aGenetics and evolution | ||
| 260 |
_aJullundur _bS Nagin & Co _c1974 |
||
| 300 |
_aii,424p. _bHB _c21x13cm. |
||
| 650 |
_aMendelian Genetics _973740 |
||
| 650 |
_aCytogenetics _973741 |
||
| 650 |
_aMolecular Genetics _973742 |
||
| 650 |
_aPlant Breeding _973743 |
||
| 700 |
_aKOCHHAR (P L) _973744 |
||
| 942 |
_2ddc _cBB |
||
| 999 |
_c226847 _d226847 |
||